[Event "IND-ch 57th"]
[Site "Majitar"]
[Date "2019.12.17"]
[Round "9"]
[White "Kunte, Abhijit"]
[Black "Nitin, Senthilvel"]
[Result "1-0"]
[WhiteElo "2467"]
[BlackElo "2329"]
[PlyCount "90"]
[EventDate "2019.12.10"]
[EventType "swiss"]
[EventRounds "11"]
[EventCountry "IND"]
[SourceTitle "CBM 193 Extra"]
[Source "ChessBase"]
[SourceDate "2020.01.31"]
[SourceVersion "1"]
[SourceVersionDate "2020.01.31"]
[SourceQuality "1"]

1. d4 Nf6 2. Nf3 g6 3. g3 Bg7 4. Bg2 0-0 5. 0-0 d6 6. a4 Nfd7 7. e4 e5 8. dxe5 dxe5 9. Bg5 f6 10. Be3 a5 11. Na3 Qe7 12. Qd5+ Kh8 13. Rfd1 Nb6 14. Bxb6 cxb6 15. Qd6 Qxd6 16. Rxd6 Nc6 17. Nc4 Bg4 18. h3 Bxf3 19. Bxf3 Rfd8 20. Rxd8+ Rxd8 21. c3 Bf8 22. Nxb6 Rd3 23. Kg2 Bc5 24. Nc4 Kg7 25. Be2 Rd8 26. Rd1 Rxd1 27. Bxd1 b6 28. Bg4 Kf7 29. Bc8 Nd8 30. b4 axb4 31. cxb4 Bxb4 32. Nxb6 Nc6 33. Bb7 Na5 34. Bd5+ Kf8 35. f4 exf4 36. gxf4 Bd2 37. Kf3 g5 38. fxg5 Bxg5 39. Kg4 Be3 40. Nc8 Ke8 41. Nd6+ Kd7 42. Nf5 Bd2 43. Nd4 Bc3 44. Ne2 Bb2 45. Kf5 Ke7 1-0

[Event "IND-ch 57th"]
[Site "Majitar"]
[Date "2019.12.11"]
[Round "2"]
[White "Deshmukh, Anup"]
[Black "Kunte, Abhijit"]
[Result "1/2-1/2"]
[WhiteElo "2168"]
[BlackElo "2467"]
[PlyCount "60"]
[EventDate "2019.12.10"]
[EventType "swiss"]
[EventRounds "11"]
[EventCountry "IND"]
[SourceTitle "CBM 193 Extra"]
[Source "ChessBase"]
[SourceDate "2020.01.31"]
[SourceVersion "1"]
[SourceVersionDate "2020.01.31"]
[SourceQuality "1"]

1. c4 c5 2. Nf3 g6 3. d4 Bg7 4. Nc3 cxd4 5. Nxd4 Nc6 6. e3 Nf6 7. Be2 0-0 8. 0-0 d5 9. cxd5 Nxd5 10. Nxd5 Qxd5 11. Bf3 Qc5 12. Nxc6 bxc6 13. Qa4 Rb8 14. Rb1 Qb5 15. Qxb5 cxb5 16. Bd2 Bb7 17. Bb4 Bxf3 18. gxf3 Bf6 19. Rfc1 Rfc8 20. b3 Kf8 21. Kf1 Ke8 22. Ke2 Kd7 23. f4 Rxc1 24. Rxc1 Rc8 25. Rxc8 Kxc8 26. Kd3 Kd7 27. Ke2 e6 28. e4 Kc6 29. f3 a6 30. Bd2 Bd8 1/2-1/2

[Event "Commonwealth-ch"]
[Site "New Delhi"]
[Date "2019.07.05"]
[Round "7"]
[White "Arpita, Mukherjee"]
[Black "Kunte, Abhijit"]
[Result "0-1"]
[WhiteElo "2196"]
[BlackElo "2478"]
[PlyCount "113"]
[EventDate "2019.06.30"]
[EventType "swiss"]
[EventRounds "9"]
[EventCountry "IND"]
[SourceTitle "CBM 191 Extra"]
[Source "ChessBase"]
[SourceDate "2019.09.30"]
[SourceVersion "1"]
[SourceVersionDate "2019.09.30"]
[SourceQuality "1"]

1. e4 e5 2. Nf3 Nc6 3. Bb5 a6 4. Ba4 Nf6 5. d3 d6 6. c3 Be7 7. 0-0 0-0 8. Re1 Re8 9. Nbd2 Bf8 10. Nf1 h6 11. b4 b5 12. Bc2 Bb7 13. Ng3 g6 14. h4 Bc8 15. Nh2 h5 16. a4 Rb8 17. Bb3 Nh7 18. axb5 axb5 19. Nf3 Be6 20. Ra5 Qc8 21. Ra1 Qd7 22. Nf1 d5 23. exd5 Bxd5 24. Bxd5 Qxd5 25. Ra6 Rbd8 26. Ne3 Qd7 27. Qb3 Re6 28. Qa2 Bg7 29. Ra8 Rd6 30. Nd2 Rxd3 31. Ne4 Bf8 32. Rxd8 Nxd8 33. Bb2 Qc6 34. Ng3 Ne6 35. Rd1 Rxd1+ 36. Nxd1 Bh6 37. c4 Nf4 38. Ne3 Nd3 39. cxb5 Qxb5 40. Bc3 Bxe3 41. fxe3 Nf6 42. Qa8+ Kg7 43. Ne4 Qd5 44. Qxd5 Nxd5 45. b5 f5 46. Nf2 Nxc3 47. Nxd3 Kf6 48. Nc5 Ke7 49. e4 Nxb5 50. exf5 gxf5 51. Kf2 Kd6 52. Nd3 c5 53. Ke3 Kd5 54. Nc1 Nd4 55. Kd3 c4+ 56. Kc3 f4 57. Na2 0-1

[Event "Commonwealth-ch"]
[Site "New Delhi"]
[Date "2019.06.30"]
[Round "2"]
[White "Deepak, Katiyar"]
[Black "Kunte, Abhijit"]
[Result "0-1"]
[WhiteElo "2140"]
[BlackElo "2478"]
[PlyCount "90"]
[EventDate "2019.06.30"]
[EventType "swiss"]
[EventRounds "9"]
[EventCountry "IND"]
[SourceTitle "CBM 191 Extra"]
[Source "ChessBase"]
[SourceDate "2019.09.30"]
[SourceVersion "1"]
[SourceVersionDate "2019.09.30"]
[SourceQuality "1"]

1. e4 e5 2. Nf3 Nc6 3. Bb5 a6 4. Ba4 Nf6 5. 0-0 Be7 6. Re1 d6 7. c3 0-0 8. h3 Bd7 9. d4 Re8 10. Nbd2 Bf8 11. Bc2 h6 12. Nf1 a5 13. Ng3 a4 14. Be3 a3 15. b3 exd4 16. Nxd4 g6 17. Qd2 Kh7 18. Rad1 Bg7 19. f4 Re7 20. Bf2 Qe8 21. Re2 Qh8 22. Rde1 Rae8 23. Qc1 h5 24. Nf3 Kg8 25. Qxa3 h4 26. Nf1 Nh5 27. Bxh4 Nxf4 28. Bxe7 Nxe2+ 29. Rxe2 Nxe7 30. c4 Nc6 31. Qc1 Qh5 32. Ng3 Qa5 33. Bb1 Nd4 34. Nxd4 Bxd4+ 35. Kh1 Kg7 36. Qd2 Qe5 37. Nf1 Bg4 38. Nh2 Bxe2 39. Qxe2 Qf4 40. Qd1 Bc5 41. Nf3 g5 42. Qd2 Qxd2 43. Nxd2 f5 44. e5 f4 45. Ne4 Rxe5 0-1

[Event "Sydney op"]
[Site "Sydney"]
[Date "2019.04.24"]
[Round "1"]
[White "McGowan, Cameron"]
[Black "Kunte, Abhijit"]
[Result "0-1"]
[WhiteElo "2085"]
[BlackElo "2485"]
[PlyCount "64"]
[EventDate "2019.04.24"]
[EventType "swiss"]
[EventRounds "9"]
[EventCountry "AUS"]
[SourceTitle "CBM 190 Extra"]
[Source "ChessBase"]
[SourceDate "2019.07.15"]
[SourceVersion "1"]
[SourceVersionDate "2019.07.15"]
[SourceQuality "1"]

1. e4 c5 2. Nf3 e6 3. c3 Nf6 4. e5 Nd5 5. Bc4 d6 6. d4 cxd4 7. cxd4 Be7 8. 0-0 0-0 9. Qe2 b6 10. Nc3 Nxc3 11. bxc3 Bb7 12. Bf4 Qc7 13. exd6 Bxd6 14. Bxd6 Qxd6 15. Ne5 Nd7 16. f4 Rac8 17. Rac1 Rc7 18. Bd3 g6 19. Ng4 Rxc3 20. Qe3 Rxc1 21. Rxc1 h5 22. Ne5 Rc8 23. Rxc8+ Bxc8 24. f5 exf5 25. Bxf5 Nxe5 26. Bxc8 Nc6 27. d5 Ne7 28. Bb7 Nxd5 29. Qd4 Qe7 30. Ba6 Qe1+ 31. Bf1 Ne3 32. Qd8+ Kh7 0-1

[Event "Doeberl Cup 57th"]
[Site "Canberra"]
[Date "2019.04.19"]
[Round "3"]
[White "Song, Raymond"]
[Black "Kunte, Abhijit"]
[Result "1-0"]
[WhiteElo "2329"]
[BlackElo "2485"]
[PlyCount "91"]
[EventDate "2019.04.18"]
[EventType "swiss"]
[EventRounds "9"]
[EventCountry "AUS"]
[SourceTitle "CBM 189 Extra"]
[Source "ChessBase"]
[SourceDate "2019.06.03"]
[SourceVersion "1"]
[SourceVersionDate "2019.06.03"]
[SourceQuality "1"]

1. e4 c5 2. Nf3 e6 3. d4 cxd4 4. Nxd4 a6 5. c4 Nf6 6. Nc3 Qc7 7. a3 b6 8. Be3 Bb7 9. f3 Be7 10. Rc1 0-0 11. Be2 d6 12. 0-0 Nbd7 13. b4 Rac8 14. Qd2 Qb8 15. Kh1 Rfe8 16. Rc2 h5 17. Bf2 Ne5 18. Na4 Nfd7 19. Rfc1 h4 20. h3 Ng6 21. Nb3 Bc6 22. b5 Ba8 23. bxa6 Qa7 24. Rb2 Nge5 25. Na5 Rb8 26. Rcb1 Nc5 27. Nxb6 Qxa6 28. Nd5 Bg5 29. Qxg5 Rxb2 30. Nf6+ Kf8 31. Rxb2 gxf6 32. Qd2 Ng6 33. Rb5 Kg7 34. Bf1 e5 35. Qb4 Qc8 36. Nb3 Bc6 37. Ra5 f5 38. exf5 Qxf5 39. Nxc5 dxc5 40. Rxc5 Bxf3 41. Kg1 Be4 42. Qe1 Re6 43. Bxh4 Nf4 44. Kh2 Nxh3 45. gxh3 Rg6 46. Qf2 1-0

[Event "Doeberl Cup 57th"]
[Site "Canberra"]
[Date "2019.04.18"]
[Round "1"]
[White "Litchfield, Frederick"]
[Black "Kunte, Abhijit"]
[Result "0-1"]
[WhiteElo "2072"]
[BlackElo "2485"]
[PlyCount "50"]
[EventDate "2019.04.18"]
[EventType "swiss"]
[EventRounds "9"]
[EventCountry "AUS"]
[SourceTitle "CBM 189 Extra"]
[Source "ChessBase"]
[SourceDate "2019.06.03"]
[SourceVersion "1"]
[SourceVersionDate "2019.06.03"]
[SourceQuality "1"]

1. d4 Nf6 2. c4 e6 3. Nc3 Bb4 4. e3 0-0 5. Bd3 b6 6. Nge2 Bb7 7. 0-0 d5 8. Ng3 c5 9. cxd5 cxd4 10. dxe6 dxc3 11. exf7+ Kh8 12. Qc2 Rxf7 13. bxc3 Bc5 14. Rd1 Nbd7 15. Bb2 Ng4 16. Nf5 Qg5 17. h4 Qh5 18. c4 Nde5 19. Bxe5 Nxe5 20. Ng3 Qxh4 21. Be4 Ng4 22. Qd2 Bxe4 23. Nxe4 Bxe3 24. Qd5 Bxf2+ 25. Kf1 Ne3+ 0-1

[Event "Bangkok Cha Am op 19th"]
[Site "Bangkok"]
[Date "2019.04.11"]
[Round "6"]
[White "Salvador, Louie"]
[Black "Kunte, Abhijit"]
[Result "1/2-1/2"]
[WhiteElo "2270"]
[BlackElo "2485"]
[PlyCount "60"]
[EventDate "2019.04.06"]
[EventType "swiss"]
[EventRounds "9"]
[EventCountry "THA"]
[SourceTitle "CBM 189 Extra"]
[Source "ChessBase"]
[SourceDate "2019.06.03"]
[SourceVersion "1"]
[SourceVersionDate "2019.06.03"]
[SourceQuality "1"]

1. e4 e5 2. Nf3 Nc6 3. Bc4 Bc5 4. d3 Nf6 5. c3 a6 6. b4 Ba7 7. Bg5 d6 8. Nbd2 h6 9. Bh4 Qe7 10. 0-0 Bg4 11. h3 Be6 12. a4 0-0 13. Nh2 Bxc4 14. Nxc4 Qe6 15. Qf3 Nd7 16. Ne3 Bxe3 17. fxe3 Ne7 18. Bxe7 Qxe7 19. a5 c5 20. Ng4 cxb4 21. cxb4 Rac8 22. Rac1 Qe6 23. d4 h5 24. d5 Qg6 25. Nf2 Nf6 26. g3 Rfd8 27. Kh2 Nh7 28. Kg2 Nf6 29. Kh2 Nh7 30. Kg2 Nf6 1/2-1/2

[Event "Asian Continental op 17th"]
[Site "Makati"]
[Date "2018.12.11"]
[Round "2"]
[White "Kunte, Abhijit"]
[Black "Wen, Yang"]
[Result "1/2-1/2"]
[WhiteElo "2469"]
[BlackElo "2604"]
[PlyCount "62"]
[EventDate "2018.12.10"]
[EventType "swiss"]
[EventRounds "9"]
[EventCountry "PHI"]
[SourceTitle "CBM 187 Extra"]
[Source "ChessBase"]
[SourceDate "2018.11.04"]
[SourceVersion "1"]
[SourceVersionDate "2018.11.04"]
[SourceQuality "1"]

1. Nf3 d5 2. g3 g6 3. Bg2 Bg7 4. d4 Nd7 5. 0-0 Ngf6 6. c4 dxc4 7. Qa4 0-0 8. Qxc4 Nb6 9. Qc2 Bf5 10. Qb3 a5 11. a4 Be6 12. Qd1 Ne4 13. Nbd2 Bd5 14. Qc2 f5 15. Rd1 Rc8 16. Ne1 Ng5 17. Nb3 Ne6 18. e3 Bxg2 19. Nxg2 Qd5 20. Nc5 Nxc5 21. dxc5 Qc4 22. Ne1 Qxc2 23. Nxc2 Nc4 24. Nd4 Rfd8 25. b3 Bxd4 26. exd4 Ne5 27. Bb2 Nd7 28. c6 bxc6 29. Rac1 Nb8 30. Re1 Kf7 31. Rc5 Rd5 1/2-1/2

[Event "Goa op 1st"]
[Site "Taleigao"]
[Date "2018.10.19"]
[Round "9"]
[White "Srihari, Lakshmi"]
[Black "Kunte, Abhijit"]
[Result "0-1"]
[WhiteElo "2067"]
[BlackElo "2484"]
[PlyCount "74"]
[EventDate "2018.10.13"]
[EventType "swiss"]
[EventRounds "10"]
[EventCountry "IND"]
[SourceTitle "CBM 186 Extra"]
[Source "ChessBase"]
[SourceDate "2018.08.24"]
[SourceVersion "1"]
[SourceVersionDate "2018.08.24"]
[SourceQuality "1"]

1. e4 c5 2. Nf3 e6 3. d4 cxd4 4. Nxd4 Nf6 5. Nc3 d6 6. Be3 a6 7. f3 b5 8. Qd2 Bb7 9. g4 Nfd7 10. 0-0-0 Nb6 11. Qf2 N8d7 12. Kb1 Rc8 13. Nce2 Nc4 14. Bc1 Qb6 15. Qg1 e5 16. Nf5 Qc7 17. c3 g6 18. Ne3 Ndb6 19. Nxc4 bxc4 20. Be3 Na4 21. Rd2 Rb8 22. Ba7 Ra8 23. Be3 Bc8 24. f4 Rb8 25. fxe5 dxe5 26. Rc2 Ba3 27. Bc1 Qb7 28. Ng3 Bxb2 29. Bxb2 Nxb2 30. Be2 Nd1+ 31. Kc1 Nxc3 32. Qc5 Nxe2+ 33. Rxe2 Qb1+ 34. Kd2 Qxa2+ 35. Ke3 Qb3+ 36. Kd2 Qb2+ 37. Ke1 Qd4 0-1

[Event "Goa op 1st"]
[Site "Taleigao"]
[Date "2018.10.17"]
[Round "6"]
[White "Kunte, Abhijit"]
[Black "Kumar, Gaurav"]
[Result "1/2-1/2"]
[WhiteElo "2484"]
[BlackElo "2236"]
[PlyCount "53"]
[EventDate "2018.10.13"]
[EventType "swiss"]
[EventRounds "10"]
[EventCountry "IND"]
[SourceTitle "CBM 186 Extra"]
[Source "ChessBase"]
[SourceDate "2018.08.24"]
[SourceVersion "1"]
[SourceVersionDate "2018.08.24"]
[SourceQuality "1"]

1. Nf3 d5 2. c4 d4 3. g3 c5 4. e3 Nc6 5. d3 dxe3 6. Bxe3 e5 7. Nc3 Nf6 8. Bg2 Bf5 9. Qa4 Qd7 10. Nd5 Nxd5 11. cxd5 Nb4 12. Qxd7+ Bxd7 13. Kd2 Nxd5 14. Nxe5 Be6 15. Rac1 f6 16. Nc4 Kf7 17. a3 Be7 18. Ke2 Rhd8 19. Rhd1 Rd7 20. h3 Rad8 21. g4 b6 22. Be4 g6 23. Bf3 Kg8 24. Be4 Kf7 25. Bf3 Kg8 26. Be4 Kf7 27. Bf3 1/2-1/2

[Event "Goa op 1st"]
[Site "Taleigao"]
[Date "2018.10.17"]
[Round "7"]
[White "Mehdi, Hasan Parag"]
[Black "Kunte, Abhijit"]
[Result "1/2-1/2"]
[WhiteElo "2209"]
[BlackElo "2484"]
[PlyCount "53"]
[EventDate "2018.10.13"]
[EventType "swiss"]
[EventRounds "10"]
[EventCountry "IND"]
[SourceTitle "CBM 186 Extra"]
[Source "ChessBase"]
[SourceDate "2018.08.24"]
[SourceVersion "1"]
[SourceVersionDate "2018.08.24"]
[SourceQuality "1"]

1. e4 c5 2. Nf3 e6 3. d4 cxd4 4. Nxd4 a6 5. Bd3 Nf6 6. 0-0 Qc7 7. Qe2 d6 8. c4 Be7 9. Nc3 b6 10. Bd2 Bb7 11. Rac1 Nbd7 12. f4 0-0 13. Bb1 Rfe8 14. Kh1 Rac8 15. b3 Bf8 16. Rce1 Rcd8 17. Nf3 Qb8 18. Bc1 e5 19. f5 b5 20. Bg5 bxc4 21. bxc4 Be7 22. Bxf6 Nxf6 23. Bd3 Qa7 24. Bb1 Qb8 25. Bd3 Qa7 26. Bb1 Qb8 27. Bd3 1/2-1/2

[Event "Abu Dhabi op 25th"]
[Site "Abu Dhabi"]
[Date "2018.08.11"]
[Round "5"]
[White "Kunte, Abhijit"]
[Black "Jojua, Davit"]
[Result "1/2-1/2"]
[WhiteElo "2485"]
[BlackElo "2583"]
[PlyCount "23"]
[EventDate "2018.08.07"]
[EventType "swiss"]
[EventRounds "9"]
[EventCountry "UAE"]
[SourceTitle "CBM 185 Extra"]
[Source "ChessBase"]
[SourceDate "2018.07.29"]
[SourceVersion "1"]
[SourceVersionDate "2018.07.29"]
[SourceQuality "1"]

1. Nf3 g6 2. g3 Bg7 3. Bg2 c5 4. c4 Nc6 5. Nc3 e6 6. 0-0 Nge7 7. e3 0-0 8. d4 cxd4 9. Nxd4 Nxd4 10. exd4 d5 11. cxd5 Nxd5 12. Nxd5 1/2-1/2

[Event "Commonwealth-ch"]
[Site "New Delhi"]
[Date "2018.07.02"]
[Round "8"]
[White "Kunte, Abhijit"]
[Black "Siva, Mahadevan"]
[Result "1-0"]
[WhiteElo "2494"]
[BlackElo "2346"]
[PlyCount "79"]
[EventDate "2018.06.26"]
[EventType "swiss"]
[EventRounds "9"]
[EventCountry "IND"]
[SourceTitle "CBM 185 Extra"]
[Source "ChessBase"]
[SourceDate "2018.07.29"]
[SourceVersion "1"]
[SourceVersionDate "2018.07.29"]
[SourceQuality "1"]

1. Nf3 Nf6 2. c4 c5 3. e3 g6 4. b3 Bg7 5. Bb2 0-0 6. Be2 d5 7. cxd5 Nxd5 8. Bxg7 Kxg7 9. Qc2 b6 10. a3 Bb7 11. 0-0 Nc6 12. d3 e5 13. Qb2 Qe7 14. Nbd2 Rfe8 15. Rfe1 Rad8 16. Bf1 Kg8 17. g3 Nf6 18. Qc2 Rd7 19. Red1 Red8 20. Ne1 Qe6 21. Rab1 Ne7 22. f3 Nf5 23. Ng2 Qe7 24. Re1 Nd5 25. Qb2 Nd6 26. b4 cxb4 27. axb4 Rc7 28. Rec1 Rdc8 29. Rxc7 Qxc7 30. Qxe5 Re8 31. Qb2 Nxe3 32. Nxe3 Rxe3 33. Ne4 f5 34. Rc1 Qe7 35. Qd4 fxe4 36. Qxe3 Nf5 37. Qf4 Qd8 38. dxe4 Nd4 39. Bc4+ Kg7 40. Rd1 1-0

[Event "Commonwealth-ch"]
[Site "New Delhi"]
[Date "2018.07.01"]
[Round "7"]
[White "Thipsay, Praveen Mahadeo"]
[Black "Kunte, Abhijit"]
[Result "1/2-1/2"]
[WhiteElo "2405"]
[BlackElo "2494"]
[PlyCount "61"]
[EventDate "2018.06.26"]
[EventType "swiss"]
[EventRounds "9"]
[EventCountry "IND"]
[SourceTitle "CBM 185 Extra"]
[Source "ChessBase"]
[SourceDate "2018.07.29"]
[SourceVersion "1"]
[SourceVersionDate "2018.07.29"]
[SourceQuality "1"]

1. e4 c5 2. Nf3 e6 3. d4 cxd4 4. Nxd4 a6 5. Bd3 g6 6. 0-0 Bg7 7. Be3 Ne7 8. c4 0-0 9. Nc3 d5 10. exd5 exd5 11. cxd5 Nxd5 12. Nxd5 Qxd5 13. Bc2 Nc6 14. Bb3 Qd6 15. Nxc6 Qxc6 16. Rc1 Qf6 17. Rc7 Be6 18. Rxb7 Qxb2 19. Qb1 Bxb3 20. Qxb2 Bxb2 21. Rxb3 Rab8 22. Rxb8 Rxb8 23. Rb1 Be5 24. Rxb8+ Bxb8 25. h3 Kf8 26. Kf1 Ke7 27. Ke2 Ke6 28. Kd3 Kd5 29. f3 h5 30. g4 f5 31. gxh5 1/2-1/2